004860000a22001210004500090001700000245013100017041001400148700002700162100003900189942001300228773010600241999001700347 aASbSeriadas10aCaracterización, evaluación y uso de hábitats del zorro perruno () en los LLanos orientales de Colombia0 aEspañol1 aCadena, Alberto9219771 aMartínez Guerrero, Yolima999147 cARTICULO1 tRevista de la Academia Colombiana de Ciencias Exactas, Fisicas y Naturales332h92q383-391d2000g24 c14198d14198